000 00315nam a22001217a 4500
082 _aع ن ا
100 _aعنایت بلوچ
245 _aسانگین سنبارون
260 _a؟
_b؟
_c۲۰۱۳
300 _a۲۹۱
500 _aDonated by Dr Assadullah Qazi V.C ISRA University , Hyderabad
942 _cBK
999 _c11668
_d11668